| 000 | 00989nam a2200301 a 4500 | ||
|---|---|---|---|
| 001 | 000025297 | ||
| 003 | DO-SdBNP | ||
| 005 | 20180323153926.0 | ||
| 007 | 000025297 | ||
| 008 | 110214s2003 dr a 000 0bspa d | ||
| 020 | _a9993476854 | ||
| 040 |
_aBPMSU _bspa _cBPMSU |
||
| 092 |
_a922.27293 _bM562c |
||
| 100 | 1 | _aCassá, Roberto | |
| 245 | 1 | 0 |
_aFernando Arturo de Meriño : _bprelado y presidente / _cRoberto Cassá ; ilustraciones Ramiro Manzano. |
| 260 |
_aSanto Domingo : _bTobogán, _c2003. |
||
| 300 |
_a82 p. : _bil. ; _c21 cm. |
||
| 490 | 1 | _aBiografías dominicanas Tobogán | |
| 504 | _aBibliografía: p. 81 | ||
| 600 | 1 | 4 |
_aMERIÑO, FERNANDO ARTURO DE, _d1833-1906 |
| 650 | 4 |
_aSACERDOTES DOMINICANOS _xBIOGRAFÍAS |
|
| 700 | 1 |
_aManzano, Ramiro _eil. |
|
| 830 | 0 | _aBiografías dominicanas Tobogán | |
| 910 | _aValidado. Control de calidad BNPHU | ||
| 942 |
_2ddc _cBK |
||
| 945 | _aRemanejado para la BNPHU, 2018 / VM | ||
| 956 |
_aVMATEO _b10 _c20110217 _lBPMSU _h0069 |
||
| 999 |
_c7335 _d7335 |
||